| 000 | 00850nam a22002897a 4500 | ||
|---|---|---|---|
| 001 | BR7908485 | ||
| 003 | BR-BrBNA | ||
| 005 | 20230928090355.0 | ||
| 007 | ta | ||
| 008 | 230509b bl.||||| |||| 00| 0 por d | ||
| 040 |
_aBR-BrBNA _bpor _cBiblioteca Nacional de Agricultura |
||
| 041 | _a(Por) | ||
| 072 |
_aE30; K20 _b8901 _b/G514 |
||
| 090 | _ 8901 BR7908485 | ||
| 110 | 1 |
_aSecretaria de Industria, Comercio e Turismo, Sao Luis, MA (Brasil) _98992 |
|
| 245 | 1 | _aPrograma de modernizacao do setor madeireiro do Estado do Maranhao [Brasil] | |
| 260 | 3 |
_aSao Luis, MA (Brasil): _c1979. |
|
| 300 | _a47 p. | ||
| 500 | _a7 tables | ||
| 650 | _aPROJETO DE DESENVOLVIMENTO | ||
| 650 | _aRECURSO FLORESTAL | ||
| 650 | _aINDUSTRIA FLORESTAL | ||
| 650 | _aMADEIRA | ||
| 650 | _aMARANHAO | ||
| 909 |
_a202309 _bLucia _c55 _dLucia Elande |
||
| 942 | _cBK | ||
| 999 |
_c28613 _d28613 |
||